Macroéconomie

Gespeichert in:
Bibliographische Detailangaben
1. Verfasser: Blanchard, Olivier
Weitere Verfasser: Cohen, Daniel, Johnson, David
Format: Buch
Sprache:Französisch
Veröffentlicht: Montreuil Pearson 2013
Ausgabe:6. éd.
Schriftenreihe:Apprendre toujours
Schlagworte:
Tags: Tag hinzufügen
Keine Tags, Fügen Sie das erste Tag hinzu!

MARC

LEADER 00000nam a2200000 4500
001 0178517
005 20240311130503.5
020 |a 978-2-7440-7636-7 
020 |a 978-2-7440-7685-5 
041 0 |a fre 
044 |a FR 
245 1 0 |a Macroéconomie  |c Olivier Blanchard, Daniel Cohen, David Johnson 
250 |a 6. éd. 
264 1 |a Montreuil  |b Pearson  |c 2013 
300 |a xx, 661 s.  |e príl. 
490 1 |a Apprendre toujours 
830 0 |a Apprendre toujours 
610 2 0 |a makroekonomika 
610 2 0 |a modely 
610 2 0 |a trh práce 
610 2 0 |a inflácia 
610 2 0 |a politika hospodárska 
610 2 0 |a hospodárstvo otvorené 
610 2 0 |a depresia 
610 2 0 |a kríza hospodárska 
100 1 |a Blanchard, Olivier 
700 1 |a Cohen, Daniel 
700 1 |a Johnson, David